Extraction of Platinum Group Metals

Cerca del 80% de las reservas mundiales de Metales del Grupo del Platino (PGMs) estǹ en el Bushveld Complex en Sudf̀rica, el procesamiento de PGM involucra los procesos de trituracin̤, flotacin̤, fundicin̤, conversin̤, refinera̕ de metales base y refinera̕ de metales preciosos. Los desafo̕s del pr...

全面介绍

Saved in:
书目详细资料
其他作者: Mpilonhle Thethwayo Bongephiwe, IntechOpen
格式: 图书
语言:英语
主题:
在线阅读:Extraction of Platinum Group Metals
标签: 添加标签
没有标签, 成为第一个标记此记录!

MARC

LEADER 00000nam a22000004a 4500
001 vpro14739
005 20201223000000.0
008 190602s2019 ck # g## #001 0#eng#d
020
022
040 |a CO-BoINGC 
041 0 |a eng 
245 1 0 |a Extraction of Platinum Group Metals 
246 |a Extraccin̤ de metales del grupo del platino 
264 |a Bogot ̀(Colombia) :  |b Revista VirtualPRO,  |c 2019 
520 3 |a Cerca del 80% de las reservas mundiales de Metales del Grupo del Platino (PGMs) estǹ en el Bushveld Complex en Sudf̀rica, el procesamiento de PGM involucra los procesos de trituracin̤, flotacin̤, fundicin̤, conversin̤, refinera̕ de metales base y refinera̕ de metales preciosos. Los desafo̕s del proceso convencional de fundicin̤ estǹ relacionados con el alto contenido de cromo, fallas prematuras en el revestimiento refractario y el aumento del costo operativo asociado con los costos de electricidad en Sudf̀rica. El proceso de Kell es una alternativa para la produccin̤ de PGM y ofrece grandes ventajas en třminos de consumo de energa̕, costos, emisiones de CO2 y sin restricciones por contenido de cromo. 
650 \ \ |a Metalurgia 
650 \ \ |a Metales 
650 \ \ |a Industria metalr͠gica 
650 \ \ |a Metallurgy 
650 \ \ |a Metals 
650 \ \ |a Metal trade 
650 \ \ |a Metales del grupo del platino 
650 \ \ |a Fundicin̤ 
650 \ \ |a Cromo 
650 \ \ |a Hidrometalurgia 
650 \ \ |a Metales preciosos 
650 \ \ |a Joyera̕ 
650 \ \ |a   
700 \ \ |a Mpilonhle Thethwayo Bongephiwe  
700 \ \ |a IntechOpen 
856 |z Extraction of Platinum Group Metals  |u https://virtualpro.unach.elogim.com/biblioteca/extraccion-de-metales-del-grupo-del-platino